000 00533nam a2200193Ia 4500
005 20250326144946.0
008 250326s9999 xx 000 0 und d
020 _a0-566-07591-1
037 _aTextbook
040 _aFMSL
_beng
_cFMSL
041 _aeng
_2eng
084 _aX8(A):8 N2
_qFMSL
100 _aCodling S
_9743393
245 0 _aBest practice benchmarkting: a management guide
_cCodling S
260 _aUSA
_bUSA, Gower
_c1992
300 _axii,156
942 _cTB
_hX8(A):8 N2
999 _c1305798
_d1305798